Marketing research : (Record no. 8618)
[ view plain ]
| 000 -LEADER | |
|---|---|
| fixed length control field | 00795cam a22002414a 4500 |
| 001 - CONTROL NUMBER | |
| control field | 4048886 |
| 005 - DATE AND TIME OF LATEST TRANSACTION | |
| control field | 20260122104247.0 |
| 008 - FIXED-LENGTH DATA ELEMENTS--GENERAL INFORMATION | |
| fixed length control field | 990622s2000 maua 001 0 eng |
| 020 ## - INTERNATIONAL STANDARD BOOK NUMBER | |
| International Standard Book Number | 0256195552 |
| Qualifying information | alk. paper |
| 020 ## - INTERNATIONAL STANDARD BOOK NUMBER | |
| International Standard Book Number | 9780256195552 |
| Qualifying information | (alk. paper) |
| 050 00 - LIBRARY OF CONGRESS CALL NUMBER | |
| Classification number | HF5415.2 |
| Item number | .H258 2000 |
| 082 00 - DEWEY DECIMAL CLASSIFICATION NUMBER | |
| Classification number | 658.8/3 |
| Edition information | 21 |
| 100 1# - MAIN ENTRY--PERSONAL NAME | |
| Personal name | Hair, Joseph F. |
| 245 10 - TITLE STATEMENT | |
| Title | Marketing research : |
| Remainder of title | a practical approach for the new Millennium / |
| Statement of responsibility, etc. | Joseph F. Hair, Jr., Robert P. Bush, David J. Ortinau. |
| 260 ## - PUBLICATION, DISTRIBUTION, ETC. | |
| Place of publication, distribution, etc. | Boston : |
| Name of publisher, distributor, etc. | Irwin/McGraw-Hill, |
| Date of publication, distribution, etc. | c2000. |
| 300 ## - PHYSICAL DESCRIPTION | |
| Extent | xxii, 682 p. : |
| Other physical details | col. ill. ; |
| Dimensions | 26 cm. |
| 440 #0 - SERIES STATEMENT/ADDED ENTRY--TITLE | |
| Title | Irwin/McGraw-Hill series in marketing |
| 500 ## - GENERAL NOTE | |
| General note | Includes index. |
| 650 #0 - SUBJECT ADDED ENTRY--TOPICAL TERM | |
| Topical term or geographic name entry element | Marketing research. |
| 700 1# - ADDED ENTRY--PERSONAL NAME | |
| Personal name | Bush, Robert P. |
| 700 1# - ADDED ENTRY--PERSONAL NAME | |
| Personal name | Ortinau, David J. |
| 942 ## - ADDED ENTRY ELEMENTS (KOHA) | |
| Source of classification or shelving scheme | Library of Congress Classification |
| Koha item type | Books |
| Suppress in OPAC | No |
| 999 ## - | |
| -- | 8618 |
| -- | 8618 |
| Withdrawn status | Lost status | Source of classification or shelving scheme | Damaged status | Not for loan | Collection | Home library | Current library | Shelving location | Date acquired | Total checkouts | Full call number | Barcode | Date last seen | Copy number | Price effective from | Koha item type | Public note |
|---|---|---|---|---|---|---|---|---|---|---|---|---|---|---|---|---|---|
| Library of Congress Classification | Non-fiction | Graduate Library (Christ Temple) | Graduate Library (Christ Temple) | General stacks | 01/22/2026 | HF 5415.2 HAI | GSCT00002043 | 01/22/2026 | 1 | 01/22/2026 | Books | EAQ | |||||
| Library of Congress Classification | Non-fiction | Graduate Library (Christ Temple) | Graduate Library (Christ Temple) | General stacks | 01/22/2026 | HF 5415.2 HAI | GSCT00002044 | 01/22/2026 | 2 | 01/22/2026 | Books | EAQ | |||||
| Library of Congress Classification | Non-fiction | Graduate Library (Christ Temple) | Graduate Library (Christ Temple) | General stacks | 01/22/2026 | HF 5415.2 HAI | GSCT00002045 | 01/22/2026 | 3 | 01/22/2026 | Books | EAQ | |||||
| Library of Congress Classification | Non-fiction | Graduate Library (Christ Temple) | Graduate Library (Christ Temple) | General stacks | 01/22/2026 | HF 5415.2 HAI | GSCT00002046 | 01/22/2026 | 4 | 01/22/2026 | Books | EAQ | |||||
| Library of Congress Classification | Graduate Library (Christ Temple) | Graduate Library (Christ Temple) | General stacks | 01/26/2026 | HF 5415.2 HAI | GSCT00002120 | 01/26/2026 | 5 | 01/26/2026 | Books | EAQ |